Český atlas. Praha /

Hlavní autor: Kocourek, Jaroslav, 1957-
Další autoři: Gross, Jan, Hošek, Jan, 1961-, Staněk, Jaroslav, 1961-
Jazyk: Čeština
Vydáno: Praha : Freytag & Berndt, 2013
Vydání: 2. vyd.
Témata:
Fyzický popis: 576 s. : il. (převážně barev.), mapy, portréty, plány ; 30 cm
Knihy
Uloženo v:
LEADER 02192cam a2200529 a 4500
001 nkc20142563626
003 CZ PrNK
005 20141103103357.0
007 ta
008 140115s2013 xr abceg 001 0 cze d
015 |a cnb002563626 
020 |a 978-80-7445-069-3  |q (váz.) 
035 |a (OCoLC)886601626 
040 |a HKA001  |b cze  |d ABA001 
043 |a e-xr---  |b e-xr-pg  |2 czenas 
072 7 |a 913(437)  |x Geografie Česka a Slovenska, reálie, cestování  |2 Konspekt  |9 7 
080 |a 908(437.311)  |2 MRF 
080 |a (031)  |2 MRF 
080 |a (084.11)  |2 MRF 
080 |a (084.3)  |2 MRF 
100 1 |a Kocourek, Jaroslav,  |d 1957-  |7 xx0001003  |4 aut  |4 pht 
245 1 0 |a Český atlas.  |p Praha /  |c Jaroslav Kocourek ; [fotografie Jaroslav Kocourek ... et al. ; texty Jan Gross ... et al. ; kresby objektů Jaroslav Staněk, kresby zvířat Jan Hošek] 
246 3 |i Název v tiráži:  |a Český atlas - Praha 
246 3 0 |a Praha 
250 |a 2. vyd. 
260 |a Praha :  |b Freytag & Berndt,  |c 2013 
300 |a 576 s. :  |b il. (převážně barev.), mapy, portréty, plány ;  |c 30 cm 
500 |a Obálkový podnázev: obrazový vlastivědný průvodce 
504 |a Obsahuje bibliografii a rejstříky 
651 7 |a Praha (Česko)  |7 ge118011  |x vlastivěda  |2 czenas 
651 9 |a Prague (Czechia)  |x history and geography  |2 eczenas 
655 7 |a encyklopedie  |7 fd132201  |2 czenas 
655 7 |a obrazové publikace  |7 fd132947  |2 czenas 
655 7 |a mapy  |7 fd132800  |2 czenas 
655 9 |a encyclopedias  |2 eczenas 
655 9 |a pictorial works  |2 eczenas 
655 9 |a maps  |2 eczenas 
700 1 |a Gross, Jan  |7 jo2014826619  |4 aut 
700 1 |a Hošek, Jan,  |d 1961-  |7 jn20001005360  |4 ill 
700 1 |a Staněk, Jaroslav,  |d 1961-  |7 jx20031130128  |4 ill 
910 2 |a BOA001  |b 4-1257.104 
990 |a BK 
995 |a 01 
991 |b 201407  |c NOV  |j 913(437) KOC  |e n 
996 6 |b 2610595518  |c 4-1257.104  |l MZK  |r Sklad / do 1 hodiny  |n 0  |p p.v.  |w 001429880  |u 000010  |a 1  |e BOA001  |j MZK50  |s P 
996 6 |b 2610595519  |c 4-1257.104  |l MZK  |r STM 6p  |n 0  |p dar  |h 913(437) KOC  |w 001429880  |u 000020  |a 0  |e BOA001  |j MZK50  |s P 
996 7 |b 2610600565  |c 4-1257.104  |l Vol.výběr  |r VV 1p  |n 6  |p kup  |h 913(437) KOC  |w 001429880  |u 000030  |a 0  |e BOA001  |j MZK50  |s A